000 00392nam a2200157Ia 4500
008 230917s9999||||xx |||||||||||||| ||und||
040 _e200078
_aMAIN
041 _aEnglish
082 _a346.092 A38I(2)
100 _aAgarwal, Sanjiv
245 0 _aInvestor's guide to stock market
250 _a2nd ed.
260 _aNew Delhi
_bBharat Law House
_c2001
300 _a792 p.
942 _cBK
999 _c160157
_d160157